[Event "AUTO-OPEN-1427"]
[Site "http://www.queenalice.com/game.php?id=533841"]
[Date "2009.2.2"]
[Round "1"]
[White "chosadei"]
[Black "whyBish"]
[Result "1-0"]
[WhiteElo "2032"]
[BlackElo "2110"]

1. e4 c5 2. Nc3 g6 3. g3 d6 4. Bg2 Nc6 5. d3 Bg7 6. f4 Be6 7. Nge2 Nf6 8. d4
cxd4 9. Nxd4 Bg4 10. Nxc6 bxc6 11. Qd3 O-O 12. h3 Bd7 13. Be3 Qc7 14. g4 Rab8
15. O-O-O Qb7 16. b3 Ne8 17. e5 d5 18. Bc5 Bc8 19. Rhe1 f6 20. exf6 Bxf6 21.
Nxd5 Rf7 22. Nxf6+ Nxf6 23. Qd8+ Kg7 24. Rxe7 Bd7 25. Rdxd7 Nxd7 26. Rxf7+ Kxf7
27. Qe7+ Kg8 28. Qe6+ Kg7 29. Bxc6 1-0

[Event "AUTO-OPEN-1427"]
[Site "http://www.queenalice.com/game.php?id=533842"]
[Date "2009.2.2"]
[Round "1"]
[White "whyBish"]
[Black "chosadei"]
[Result "0-1"]
[WhiteElo "2095"]
[BlackElo "2066"]

1. f4 Nf6 2. Nf3 d6 3. d3 c6 4. e4 e5 5. Be2 Nbd7 6. fxe5 dxe5 7. Bg5 h6 8. Bh4
Bc5 9. Qd2 O-O 10. Nc3 b5 11. a3 a5 12. d4 exd4 13. Nxd4 Nxe4 14. Bxd8 Nxd2 15.
Nxc6 Nc4 16. O-O-O b4 17. Bxc4 bxc3 18. Be7 cxb2+ 19. Kxb2 Re8 20. Rhf1 Bxe7 21.
Bxf7+ Kf8 22. Bxe8+ Bf6+ 23. Ka2 Kxe8 24. Rde1+ Kf8 25. Ne7 Bb7 26. Rf2 Rb8 27.
Ng6+ Kf7 28. Ne5+ Nxe5 29. Rxe5 Bxg2 30. Rxa5 Rb2+ 0-1

[Event "AUTO-MASTER-729"]
[Site "http://www.queenalice.com/game.php?id=534099"]
[Date "2009.2.3"]
[Round "1"]
[White "Conde7"]
[Black "chosadei"]
[Result "1-0"]
[WhiteElo "2284"]
[BlackElo "2032"]

1. e4 d6 2. d4 Nf6 3. Bd3 e5 4. c3 Be7 5. Nf3 Nbd7 6. O-O O-O 7. Re1 c6 8. a4
Re8 9. Qb3 d5 10. Nbd2 exd4 11. cxd4 Qc7 12. e5 Ng4 13. h3 Nh6 14. Nf1 Nf8 15.
Ng3 Ng6 16. Qc2 a6 17. Bxh6 gxh6 18. Qd2 Bf8 19. Nh5 Re7 20. Nf6+ Kh8 21. h4 Bg7
22. h5 Nf8 23. a5 Rb8 24. Rec1 Be6 25. b4 Nd7 26. Bb1 b5 27. Ra3 Qb7 28. Rac3
Nf8 29. Nh4 Rc8 30. Rg3 Nd7 31. Qd3 Nf8 32. Nxh7 1-0

[Event "AUTO-MASTER-729"]
[Site "http://www.queenalice.com/game.php?id=534100"]
[Date "2009.2.3"]
[Round "1"]
[White "chosadei"]
[Black "Conde7"]
[Result "0-1"]
[WhiteElo "2027"]
[BlackElo "2280"]

1. e4 c5 2. Nc3 Nc6 3. f4 e6 4. Nf3 d5 5. d3 d4 6. Ne2 Nf6 7. g3 Qa5+ 8. Bd2 Qb6
9. Qc1 c4 10. Bg2 Bd7 11. e5 cxd3 12. cxd3 Nd5 13. O-O Rc8 14. Qe1 Ncb4 15. Bxb4
Nxb4 16. Qd2 Rc2 17. Qd1 Rxb2 18. a4 Nc2 19. Rb1 Bxa4 20. Rxb2 Qxb2 21. Qb1 Qxb1
22. Rxb1 b5 23. Kf2 Bc5 24. Ng5 Ke7 25. Ne4 Ba3 26. Nd2 Bb4 27. Nb3 a5 0-1

[Event "AUTO-MASTER-729"]
[Site "http://www.queenalice.com/game.php?id=534111"]
[Date "2009.2.3"]
[Round "1"]
[White "black13"]
[Black "chosadei"]
[Result "0-1"]
[WhiteElo "1900"]
[BlackElo "2021"]

1. e4 d6 2. Nf3 e5 3. d4 Nd7 4. dxe5 dxe5 5. Bc4 Bc5 6. Ng5 f6 7. Nf7 Qe7 8.
Nxh8 Bxf2+ 9. Kxf2 Qc5+ 10. Kf3 Qxc4 11. Qd5 Qxd5 12. exd5 Nb6 13. Nc3 Bf5 14.
Nb5 Kd7 15. Nf7 Rf8 16. Nxe5+ fxe5 17. Nxa7 Bxc2+ 18. Kg3 Nf6 19. Nb5 Nbxd5 20.
Bg5 Ne4+ 21. Kh4 h6 22. Bc1 g5+ 23. Kh5 Nef6+ 24. Kxh6 Rg8 25. Bxg5 Rg6# 0-1

[Event "AUTO-MASTER-729"]
[Site "http://www.queenalice.com/game.php?id=534112"]
[Date "2009.2.3"]
[Round "1"]
[White "chosadei"]
[Black "black13"]
[Result "1/2-1/2"]
[WhiteElo "2026"]
[BlackElo "1847"]

1. e4 e5 2. Bc4 Nf6 3. d3 h6 4. Nc3 Bb4 5. Nf3 Bxc3+ 6. bxc3 d6 7. O-O Nc6 8.
Rb1 a6 9. Ba3 O-O 10. Re1 Bg4 11. Rxb7 Na5 12. Rb4 c5 13. Rb2 Nxc4 14. dxc4 Re8
15. Qd3 Re6 16. Reb1 Nh5 17. h3 Nf4 18. Qe3 Nxh3+ 19. gxh3 Bxh3 20. Kh2 Qd7 21.
Nd2 Bg4 22. Rb7 Qd8 23. Nf1 Qh4+ 24. Kg1 Rg6 25. Ng3 Qh3 26. Qd3 Rf6 27. Qf1 Qh4
28. R1b6 Bf3 29. Qd3 Qh3 30. Qf1 1/2-1/2

[Event "AUTO-MASTER-729"]
[Site "http://www.queenalice.com/game.php?id=534117"]
[Date "2009.2.3"]
[Round "1"]
[White "pedrogarciass"]
[Black "chosadei"]
[Result "0-1"]
[WhiteElo "2020"]
[BlackElo "2051"]

1. Nf3 Nf6 2. d4 d6 3. Nc3 e6 4. e4 Be7 5. Bd3 O-O 6. Be3 Nbd7 7. h3 c6 8. Qd2
e5 9. a3 a6 10. O-O-O Qa5 11. g4 b5 12. d5 b4 13. axb4 Qxb4 14. dxc6 Rb8 15. Qe2
Nc5 16. Bxc5 dxc5 17. c7 Rb7 18. Bxa6 Qxb2+ 19. Kd2 Rb3 20. Qc4 Rxc3 21. Qxc3
Nxe4+ 0-1

[Event "AUTO-MASTER-729"]
[Site "http://www.queenalice.com/game.php?id=534118"]
[Date "2009.2.3"]
[Round "1"]
[White "chosadei"]
[Black "pedrogarciass"]
[Result "1-0"]
[WhiteElo "2100"]
[BlackElo "1880"]

1. e4 e5 2. Bc4 Nf6 3. d3 h6 4. f4 exf4 5. Bxf4 d6 6. Nf3 Bg4 7. Nc3 a6 8. O-O
g5 9. Bxf7+ Kxf7 10. Be3 Nc6 11. Nxg5+ Kg6 12. Nf3 Be7 13. Qd2 Qd7 14. Nh4+ Kg7
15. h3 Bxh3 16. gxh3 Qxh3 17. Qg2+ Qg4 18. Nf5+ Kh7 19. Nxe7 Qxg2+ 20. Kxg2 Nxe7
21. Rxf6 Rhg8+ 22. Kh3 Ng6 23. Raf1 Raf8 24. Nd5 h5 25. R6f5 Rxf5 26. exf5 Ne5
27. Nf6+ Kg7 28. Nxg8 Kxg8 29. Kh4 Kf7 30. Kxh5 c5 31. f6 Nd7 32. Kg5 b5 33. Rh1
Nxf6 34. Rf1 Ke6 35. Rxf6+ Kd7 36. Bf4 a5 37. Rxd6+ Ke7 38. Rd5 c4 39. Rxb5 cxd3
40. cxd3 a4 41. d4 a3 42. bxa3 1-0

[Event "Fast Swissie"]
[Site "http://www.queenalice.com/game.php?id=537575"]
[Date "2009.2.9"]
[Round "1"]
[White "nemeth"]
[Black "chosadei"]
[Result "0-1"]
[WhiteElo "1944"]
[BlackElo "2019"]

1. e4 e5 2. Nc3 Nf6 3. f4 d5 4. fxe5 Nxe4 5. Nf3 Bb4 6. Qe2 Bxc3 7. bxc3 O-O 8.
Qe3 Bg4 9. Bd3 Bxf3 10. Qxf3 Nd7 11. Bxe4 Qh4+ 12. g3 Qxe4+ 13. Qxe4 dxe4 14.
O-O Nxe5 15. Kg2 Rad8 16. Ba3 Rxd2+ 17. Rf2 Rfd8 18. Rf1 e3 19. Rxd2 Rxd2+ 0-1

[Event "AUTO-OPEN-1467"]
[Site "http://www.queenalice.com/game.php?id=551618"]
[Date "2009.3.6"]
[Round "1"]
[White "chosadei"]
[Black "bigbem"]
[Result "1-0"]
[WhiteElo "2106"]
[BlackElo "1524"]

1. e4 e5 2. Bc4 Nf6 3. d3 d6 4. Nc3 c6 5. f4 b5 6. Bb3 a5 7. a3 a4 8. Ba2 Bg4 9.
Nf3 exf4 10. Bxf4 Nh5 11. Be3 c5 12. Nxb5 Qa5+ 13. Nc3 Nc6 14. Bxf7+ Ke7 15. Bd5
Rc8 16. Bxc6 Rxc6 17. Ne5 dxe5 18. Qxg4 Nf6 19. Qf5 g6 20. Qxe5+ Re6 21. Qxc5+
Qxc5 22. Bxc5+ Kf7 23. Bd4 Rd6 24. Nb5 Re6 25. O-O Ke7 26. Nc3 Bg7 27. Nd5+ Nxd5
28. Bxg7 Rg8 29. exd5 Rd6 30. Bf8+ Rxf8 31. Rae1+ Kd7 32. Rxf8 Rxd5 33. Rf7+ Kc6
34. Rxh7 g5 35. Re6+ Rd6 36. Rxd6+ Kxd6 37. Rg7 Ke5 38. Rxg5+ Kf6 39. h4 Kf7 40.
h5 Kf6 41. Rg3 Kf5 42. h6 1-0

[Event "AUTO-OPEN-1467"]
[Site "http://www.queenalice.com/game.php?id=551619"]
[Date "2009.3.6"]
[Round "1"]
[White "bigbem"]
[Black "chosadei"]
[Result "0-1"]
[WhiteElo "1559"]
[BlackElo "2105"]

1. e4 d6 2. Nc3 g6 3. d4 Bg7 4. Nf3 c6 5. b4 Nf6 6. Bg5 O-O 7. e5 dxe5 8. dxe5
Nfd7 9. Qe2 Re8 10. e6 Bxc3+ 11. Kd1 Nf6+ 12. Kc1 Bxa1 13. Qc4 Bxe6 14. Qd3 Bxa2
15. Qxd8 Rxd8 16. Bd3 Bc3 17. Rd1 Bxb4 18. Kb2 Be6 19. c3 Bc5 20. Bxf6 exf6 21.
Kc2 Bxf2 22. Rd2 Bc5 23. h3 Nd7 24. g4 Ne5 25. Nxe5 fxe5 26. Be4 Rxd2+ 27. Kxd2
Rd8+ 28. Kc2 a5 0-1

[Event "AUTO-OPEN-1467"]
[Site "http://www.queenalice.com/game.php?id=551620"]
[Date "2009.3.6"]
[Round "1"]
[White "chosadei"]
[Black "SGF"]
[Result "1-0"]
[WhiteElo "2100"]
[BlackElo "1614"]

1. e4 e5 2. Bc4 Qf6 3. d3 Bc5 4. Nf3 h6 5. O-O Be7 6. Nc3 c6 7. Re1 d6 8. Bd2
Bg4 9. Re3 b5 10. Nd5 cxd5 11. Bxd5 Bxf3 12. Rxf3 Qg6 13. Bxa8 Nf6 14. a4 bxa4
15. Rxa4 a6 16. Bb7 O-O 17. Bxa6 Nxa6 18. Rxa6 Qh5 19. b4 Ng4 20. Rh3 Bh4 21. g3
g5 22. b5 Qg6 23. Qxg4 Qe6 24. Qxe6 fxe6 25. gxh4 g4 26. Rg3 h5 27. Rxd6 Re8 28.
b6 Kf7 29. b7 Kf6 30. Bg5+ Kg6 31. Bd8 Rxd8 32. Rxd8 Kf6 33. b8=Q Ke7 34. Qc7+
Kf6 35. Rd6 Kg6 36. Rxe6# 1-0

[Event "AUTO-OPEN-1467"]
[Site "http://www.queenalice.com/game.php?id=551621"]
[Date "2009.3.6"]
[Round "1"]
[White "SGF"]
[Black "chosadei"]
[Result "0-1"]
[WhiteElo "1612"]
[BlackElo "2101"]

1. e4 d6 2. Qf3 g6 3. Bc4 Nf6 4. h3 Bg7 5. d3 O-O 6. Ne2 e5 7. Bg5 c6 8. h4 Qb6
9. Bxf6 Qxb2 10. Bxg7 Kxg7 11. h5 h6 12. O-O Qxa1 13. Qg3 Qb2 14. Bxf7 Kxf7 15.
Qxg6+ Ke7 16. Qg7+ Rf7 17. Qxh6 Nd7 18. Qg5+ Nf6 19. f4 Bg4 20. fxe5 Qxe5 21.
Qxe5+ dxe5 22. Ng3 Nxh5 23. Nxh5 Bxh5 24. Nc3 Rxf1+ 25. Kxf1 Rf8+ 26. Kg1 Rg8
27. Kf2 b5 28. g3 b4 29. Na4 Kd6 30. c3 Bd1 31. Nb2 bxc3 32. Nc4+ Kc5 33. Ke1
Rxg3 34. Kxd1 Rxd3+ 35. Kc2 Kxc4 36. a4 Rd2+ 37. Kc1 Kb3 38. a5 a6 39. Kb1 Rd1#
0-1

[Event "Fast Swissie"]
[Site "http://www.queenalice.com/game.php?id=603254"]
[Date "2009.6.14"]
[Round "3"]
[White "chosadei"]
[Black "Morysek"]
[Result "0-1"]
[WhiteElo "2109"]
[BlackElo "2193"]

1. e4 d6 2. d4 Nf6 3. Nc3 g6 4. f4 Bg7 5. Nf3 O-O 6. Bd3 c5 7. dxc5 dxc5 8. O-O
Nc6 9. Be3 Nd4 10. a3 Ng4 11. Bd2 c4 12. Bxc4 Nxf3+ 13. Rxf3 Qd4+ 14. Kh1 Qxc4
0-1